• 首页
  • 本馆介绍
  • 公告通知
  • 最新文献
  • 馆藏检索
  • 电子资源
  • 读者导购
  • 参考咨询
  • 我的图书馆
  • 登录
  • 详细信息显示
  • 放入我的书架
  • 预约/预借图书
  • 作者相关作品
  • 分类相关作品
  • 丛书相关作品
  • 出版社相关作品

书目信息

  • 表格格式
  • 工作单格式
  • 卡片格式
题名:
断裂力学中应力强度因子的解法
    
 
作者: 张行 著
分册: 上册  
出版信息: 北京   科学出版社  2017.1
页数: 207页
开本: 24cm
丛书名:
单 册:
中图分类: O346.1
科图分类:
主题词: 断裂力学--应力强度因子--基本知识
电子资源:
ISBN: 978-7-03-051351-9
000 00949nam0 2200241 450
001 0400001155
005 20171025142648.90
010    @a978-7-03-051351-9@dCNY79.00
100    @a20170328d2017 em y0chiy50 ea
101 0  @achi
102    @aCN@b110000
105    @ay z 000yy
106    @ar
200 1  @a断裂力学中应力强度因子的解法@9duan lie li xue zhong ying li qiang du yin zi de jie fa@h上册@f张行著
210    @a北京@c科学出版社@d2017.1
215    @a207页@d24cm
320    @a有书目
330    @a本书是作者在从事断裂力学应力强度因子解法研究工作的成果基础上写成的。全书共21章,内容可分为三类。第一类是二维与三维的应力强度因子解析——变分解法。第二类是三维应力强度因子能量差率闭合解法。第三类则是二维与三维应力强度因子的广义刚度导数解法以及广义守恒积分解法。
606 0  @a断裂力学@x应力强度因子@x基本知识
690    @aO346.1@v5
701  0 @a张行@9zhang xing@4著
801  0 @aCN@b91MARC@c20171014
905    @b1020166-70@dO346.1@f5@e12:1
    
    断裂力学中应力强度因子的解法.上册/张行著.-北京:科学出版社,2017.1
    207页;24cm
    
    
    ISBN 978-7-03-051351-9:CNY79.00
    本书是作者在从事断裂力学应力强度因子解法研究工作的成果基础上写成的。全书共21章,内容可分为三类。第一类是二维与三维的应力强度因子解析——变分解法。第二类是三维应力强度因子能量差率闭合解法。第三类则是二维与三维应力强度因子的广义刚度导数解法以及广义守恒积分解法。
●
相关链接 在E读中查询图书 在五车中查询图书 在当当中查询图书 在豆瓣中查询图书


正题名:断裂力学中应力强度因子的解法     索取号:O346.1/12:1         预约/预借

序号 登录号 条形码 馆藏地/架位号 状态 备注
1 1020166   210201663   第二样本阅览室/ [索取号:O346.1/12:1] 在馆    
2 1020167   210201672   数信系资料室/ [索取号:O346.1/12:1] 在馆    
3 1020168   210201681   第三借阅区/ [索取号:O346.1/12:1] 在馆    
4 1020169   210201690   第三借阅区/ [索取号:O346.1/12:1] 在馆    
5 1020170   210201707   第三借阅区/ [索取号:O346.1/12:1] 在馆    
唐山师范学院图书馆 欢迎您!
大连网信软件有限公司© 版权所有